| 000 | 01241cam a22003497a 4500 | ||
|---|---|---|---|
| 001 | 17130971 | ||
| 005 | 20170105102415.0 | ||
| 008 | 120123s2012 ne a b 001 0 eng d | ||
| 010 | _a 2012931463 | ||
| 016 | 7 |
_a016052969 _2Uk |
|
| 020 | _a9780123868862 (pbk.) | ||
| 020 | _a0123868866 (pbk.) | ||
| 035 | _a(OCoLC)ocn779258337 | ||
| 040 |
_aBTCTA _beng _cBTCTA _dUKMGB _dYDXCP _dBWX _dYNK _dCUV _dCDX _dNLE _dDLC |
||
| 042 | _alccopycat | ||
| 050 | 0 | 0 |
_aQA76.76.D47 _bK5634 2012 |
| 082 | 0 | 4 |
_a005.8 _223 |
| 100 | 1 | _aKleidermacher, David. | |
| 245 | 1 | 0 |
_aEmbedded systems security : _bpractical methods for safe and secure software and systems development / _cDavid Kleidermacher, Mike Kleidermacher. |
| 250 | _a1st ed. | ||
| 260 |
_aAmsterdam : _bElsevier, _c2012. |
||
| 300 |
_axx, 396 p. : _bcol. ill. ; _c24 cm. |
||
| 504 | _aIncludes bibliographical references and index. | ||
| 650 | 0 |
_aComputer software _xDevelopment. |
|
| 650 | 0 | _aComputer security. | |
| 655 | 4 | _aElectronic books. | |
| 700 | 1 | _aKleidermacher, Mike. | |
| 906 |
_a7 _bcbc _ccopycat _d2 _encip _f20 _gy-gencatlg |
||
| 942 |
_2ddc _cBK |
||
| 999 |
_c13173 _d13173 |
||